| 000 | 00843nam a22002417a 4500 | ||
|---|---|---|---|
| 005 | 2010080203403.0 | ||
| 010 | _aENG-97625 | ||
| 020 |
_a9788183161343 _c400.00 |
||
| 035 | _a81158 | ||
| 037 | _bDBAD/PUB | ||
| 082 | _a612.76 | ||
| 100 |
_aVastrad, Basavarj _95034 |
||
| 245 |
_aSports biomechanics / _cby Basavaraj Vastrad ; edited by Y.Kishore |
||
| 260 |
_aNew Delhi _bNeelkamal Publications _c2008 |
||
| 270 |
_aBG/9B, Paschim Vihar, _bNew Delhi _e110 063, |
||
| 300 |
_axi, 171p. _c22cm (Hb) |
||
| 500 | _aIncludes bibliographical references and index | ||
| 650 |
_aHuman-mechanism _95035 |
||
| 650 |
_aSports-physiological aspects _95036 |
||
| 700 |
_aKishore, y. _94479 |
||
| 942 |
_2ddc _cEN _h612 _mVAS |
||
| 999 |
_c38763 _d38763 |
||